000 00590nam a2200241 a 4500
001 nice12345678
003 IN_TiNIC
005 20260116012618.0
008 050524s1982 newa grp 000 0 eng
020 _a
_c25
082 0 0 _a958.1
_bILY
100 _aIlyinsky, Mikhail
245 _aAfghanistan Onward March of the Revolution
260 _aNew Delhi
_bSterling Publishers
_c1982
300 _a88p
500 _aincludes index and biblioraphy
505 2 _aIndex
650 _aAfghanistan
700 1 _aIlyinsky, Mikhail
902 _bSRS
942 _cBK
999 _c7668
_d7668